Yang buta dan yang celik

Bibliographic Details
Main Author: Syalabiy, Saad Ismail
Format: Book
Published: Cairo : Dar Al-FIkir Al-Arabi , 1993
Series:Siri pendidikan Al Quran untuk kanak-kanak
Subjects:

MARC

LEADER 00000cam a2200000 7i4500
001 0000006680
002 000007202
005 20000330.0
020 |a 9836235558 
090 0 0 |a 297.122   |b SYA 
100 1 |a Syalabiy, Saad Ismail 
245 1 0 |a Yang buta dan yang celik   |c Saad Ismail Syalabiy ; penterjemah Fauziah Zainuddin 
260 |a Cairo :   |b Dar Al-FIkir Al-Arabi ,   |c 1993 
300 |a 36p. ;   |c 23cm. 
490 0 |a Siri pendidikan Al Quran untuk kanak-kanak 
650 0 0 |a Islamic stories, Malay 
999 |a 039930   |b BUKU   |c PINJAMAN   |e PERPUSTAKAAN KOMUNITI PETALING JAYA 
999 |a 039931   |b BUKU   |c JUNIOR BOOKS   |e PERPUSTAKAAN KOMUNITI PETALING JAYA 
999 |a 054746   |b BUKU   |c JUNIOR BOOKS   |e PERPUSTAKAAN KOMUNITI CAW KOTA DAMANSARA